000
00311nam a2200109 a 4500
005
20140414093833.0
008
970110s19uu xx 00 eng d
050
_a
VHS 700
_b
OR 12
245
_a
Music Magic Video Library :
_b
From Mao to Mozart: Isaac Stern in China (Excerpts).
942
_c
AVM
999
_c
108831
_d
108831